Attaining the millennium development gaals in India (Record no. 470)

MARC details
000 -LEADER
fixed length control field 00438nam a22001697a 4500
005 - DATE AND TIME OF LATEST TRANSACTION
control field 20160503111326.0
008 - FIXED-LENGTH DATA ELEMENTS--GENERAL INFORMATION
fixed length control field 160503b xxu||||| |||| 00| 0 eng d
020 ## - INTERNATIONAL STANDARD BOOK NUMBER
ISBN 195675169
041 ## - LANGUAGE CODE
Language code of text/sound track or separate title eng
082 ## - DEWEY DECIMAL CLASSIFICATION NUMBER
Item number 1178
100 ## - MAIN ENTRY--AUTHOR NAME
Personal name Deolalikar B. Anil
245 ## - TITLE STATEMENT
Title Attaining the millennium development gaals in India
260 ## - PUBLICATION, DISTRIBUTION, ETC. (IMPRINT)
Place of publication New Delhi
Name of publisher Oxford University Press,
Year of publication 2005
300 ## - PHYSICAL DESCRIPTION
Number of Pages 139
650 ## - SUBJECT ADDED ENTRY--TOPICAL TERM
Topical Term Management
942 ## - ADDED ENTRY ELEMENTS (KOHA)
Koha item type Books
Holdings
Lost status Damaged status Collection code Home library Current library Shelving location Date acquired Cost, normal purchase price Full call number Accession Number Koha item type
    MANAGEMENT JRU Library JRU Library SHELF-71-G 03/05/2016 450.00 1178 1178 Books
    MANAGEMENT JRU Library JRU Library SHELF-71-G 03/05/2016 450.00 1178 1179 Books
      JRU Library     03/05/2016 450.00 1178 1180 Books
    MANAGEMENT JRU Library JRU Library SHELF-71-G 03/05/2016 450.00 1178 1181 Books
    MANAGEMENT JRU Library JRU Library SHELF-71-G 03/05/2016 450.00 1178 1182 Books